The Gods must be crazy Και οι Θεοί τραλάθηκαν
Στην έρημο του Καλαχάρι που ζουν οι Βουσμάνοι, μια ήσυχη πρωτόγονη φυλή, ένα αεροπλάνο ρίχνει μία μέρα ένα άδειο μπουκάλι Κόκα-Κόλα. Το άγνωστο θεόπεμπτο αντικείμενο θα αναστατώσει τους απλούς νόμους και την ήσυχη ζωή τους....
Αποθηκεύτηκε σε:
| Άλλοι συγγραφείς: | , , , |
|---|---|
| Μορφή: | |
| Γλώσσα: | English Multiple |
| Δημοσίευση: |
[S.l.] :
Columbia TriStar Home Entertainment,
c2004.
|
| Θέματα: | |
| Ετικέτες: |
Προσθήκη ετικέτας
Δεν υπάρχουν, Καταχωρήστε ετικέτα πρώτοι!
|
MARC
| LEADER | 00000cgm a2200000 i 4500 | ||
|---|---|---|---|
| 001 | 1/12309 | ||
| 008 | 110308s2004 xx ||| | || ||eng|| | ||
| 035 | |l 10109736 | ||
| 040 | |a GR-MyUa |b gre |e AACR2 | ||
| 041 | 0 | |a eng |j mul | |
| 082 | 7 | |a 791.437 |2 (22) | |
| 245 | 0 | 4 | |a The Gods must be crazy |h [μαγνητοσκόπηση] = |b Και οι Θεοί τραλάθηκαν / |c written, produced and directed by Jamie Uys. |
| 246 | 1 | |i Παράλληλος τίτλος: |a Και οι Θεοί τρελάθηκαν | |
| 260 | |a [S.l.] : |b Columbia TriStar Home Entertainment, |c c2004. | ||
| 300 | |a 1 βιντεοδίσκος (104 λεπτ.) : |b ομίλ., έγχρ. ; |c 4 3/4 ίν. | ||
| 500 | |a Κυκλοφόρησε πρώτη φορα ως κινηματογραφική ταινία το 1980. | ||
| 508 | |a Εκτέλεση παραγωγής, Boet Troskie ; μουσική, Johnny Boshoff. | ||
| 511 | 0 | |a Marius Weyers, Sandra Prinsloo, N!Xau. | |
| 520 | 8 | |a Στην έρημο του Καλαχάρι που ζουν οι Βουσμάνοι, μια ήσυχη πρωτόγονη φυλή, ένα αεροπλάνο ρίχνει μία μέρα ένα άδειο μπουκάλι Κόκα-Κόλα. Το άγνωστο θεόπεμπτο αντικείμενο θα αναστατώσει τους απλούς νόμους και την ήσυχη ζωή τους. | |
| 546 | |a Στα αγγλικά με υπότιτλους στα ελληνικά. | ||
| 650 | 0 | |a San (African people) |v Drama. | |
| 655 | 7 | |a Feature films |2 lcgft | |
| 700 | 1 | |a Uys, Jamie, |e aus |e drt | |
| 700 | 1 | |a Weyers, Marius, |e act | |
| 700 | 1 | |a Prinsloo, Sandra, |e act | |
| 700 | 0 | |a N!xau, |e act | |
| 852 | |a INST |b SYROS |c AV |e 20110308 |h 791.437 UYS |p 005500009301 |q 005500009301 |t DVD |y 23 | ||
| 901 | |a BIBL5-2008-1 | ||
| 922 | |a 5ΕΛΗ |b 200709 |c Βιβλιοθήκη Σύρου |d Anaco | ||
| 970 | |a Κοντού |b Παρασκευή |z 08/03/2011 | ||